| 000 | 01163nam a2200325 a 4500 | ||
|---|---|---|---|
| 001 | 000114418 | ||
| 003 | CHAP | ||
| 005 | 20220329144440.0 | ||
| 008 | 180123s2017 mx sm |||||||spa d | ||
| 010 | _a110879 | ||
| 011 | _a111851 | ||
| 040 | _cCHAP | ||
| 090 | _aTesis | ||
| 100 | 1 |
_aGarcía Gama, Lino _9134458 |
|
| 245 | 1 | 0 |
_aProyecto para producción de pepino (Cucumis sativus L.) en invernadero en Luvianos Estado de México _h[En línea] _cpor Lino García Gama. |
| 260 |
_aChapingo, Méx. : _bEl autor, _c2017. |
||
| 500 | _aPara ver el contenido del material haga clic en la liga | ||
| 502 | _aTesis (Ing. Agr. Esp. en Fitotecnia) -- UACH. Departamento de Fitotecnia | ||
| 590 |
_aE6339RRR _b05 _c20180123 _lUCH01 _h1148 |
||
| 590 |
_aE6339RRR _b05 _c20180123 _lUCH01 _h1148 |
||
| 590 |
_aE6339RRR _b05 _c20180123 _lUCH01 _h1152 |
||
| 650 | 1 | 4 |
_aPepino _xEmpaque. _9126909 |
| 650 | 1 | 4 |
_aPepino _xFechas de siembra. _986908 |
| 650 | 1 | 4 |
_aPepino _xMercadeo. _986915 |
| 650 | 1 | 4 |
_aPepino _xSistemas de producción. _9131502 |
| 856 |
_aFinding aid _uhttp://10.13.5.2/tesis/sist114418.pdf _zTeclea aquí |
||
| 901 | _aBK | ||
| 942 | _cLIBRO | ||
| 942 | _n0 | ||
| 999 |
_c110879 _d110879 |
||